| 000 | 00810nam a2200241u 4500 | ||
|---|---|---|---|
| 001 | 18232 | ||
| 003 | BD-RjUL | ||
| 005 | 20211209000245.0 | ||
| 008 | 140220r19671964enk 000 0 eng | ||
| 035 | _a(BD-RjUL)18290 | ||
| 040 |
_aDLC _cCarP _dDLC _beng |
||
| 041 | _aeng | ||
| 082 |
_a 822.33 _bSTU 1967 |
||
| 245 | 1 | 0 |
_aStudies in Shakespeare : _bBritish Academy lectures / _cby H.S. Bennett ... [et al.] ; selected and introduced by Peter Alexander. |
| 260 |
_aLondon : _aNew York, _bOxford University Press, _cc1964 [reprinted 1967] |
||
| 300 |
_a246 p. : _c20 cm. |
||
| 600 | 1 | 0 |
_aShakespeare, William, _d1564-1616 _xCriticism and interpretation. _9241628 |
| 700 |
_a Bennett, H.S. _9241629 |
||
| 700 |
_aAlexander, Peter, _9241630 |
||
| 942 |
_2ddc _cBK |
||
| 999 |
_c18232 _d18232 |
||